| 000 | 01439cam a2200397 4500 | ||
|---|---|---|---|
| 001 | WS119309 | ||
| 008 | 020813n 000 0 eng u | ||
| 035 | _a(Sirsi) u119309 | ||
| 245 | _aMulti-Agency Geographic Information for the Countryside (MAGIC) | ||
| 520 | _aWeb site for this one stop shop for rural and countryside information bringing together definitive rural designation boundaries and information about rural land-based schemes into one place. Searchable by town, county, postcode or government region. | ||
| 650 |
_aGeomatics _96242 |
||
| 650 | _aHABITIAT INVENTORIES | ||
| 650 | _aRURAL DESIGNATIONS | ||
| 650 | _aCOUNTRYSIDE AGENCY | ||
| 650 | _aENGLISH HERITAGE | ||
| 650 | _aENGLISH NATURE | ||
| 650 | _aENVIRONMENT AGENCY | ||
| 650 | _aLANDSCAPE TYPES | ||
| 650 | _aGRASSLAND | ||
| 650 | _aCOMMON LAND | ||
| 650 | _aAREAS OF OUTSTANDING NATURAL BEAUTY | ||
| 650 | _aENVIRONMENTALLY SENSITIVE AREAS | ||
| 650 | _aCOASTS | ||
| 650 | _aNITRATE SENSITIVE AREAS | ||
| 650 | _aSITES OF SPECIAL SCIENTIFIC INTEREST | ||
| 650 | _aSITES OF SPECIAL SCIENTIFIC INTEREST | ||
| 650 | _aWORLD HERITAGE SITES | ||
| 650 | _aBATTLEFIELD SITES | ||
| 650 | _aSCHEDULED MONUMENTS | ||
| 650 | _aSTEWARDSHIP | ||
| 650 | _aWOODLAND GRANTS | ||
| 650 | _aWOODLAND TRUST | ||
| 690 |
_aRural _96268 |
||
| 856 | 4 | 0 |
_uhttps://www.magic.gov.uk _zView the website free of charge at www.magic.gov.uk... |
| 942 | _n0 | ||
| 999 |
_c120181 _d120181 |
||